| 000 | 00960cam a22003137a 4500 | ||
|---|---|---|---|
| 003 | CHAP | ||
| 005 | 20220329134036.0 | ||
| 008 | 971013s1971 r 00010 d | ||
| 010 | _a14537 | ||
| 011 | _a15509 | ||
| 035 | _a19585 | ||
| 040 | _cCHAP | ||
| 082 |
_a547.71 _bG6 |
||
| 100 | 0 | 0 |
_aGoodwin, T. W. _eed. _949599 |
| 245 | 0 | _aAspects of terpenoid chemistry and biochemistry | |
| 260 |
_aLondon : _bAcademic Press, _c1971 |
||
| 300 | _a441 p | ||
| 590 |
_aBATCH-UPD _b10 _c20130110 _lUCH01 _h1837 |
||
| 590 |
_aBATCH-UPD _b10 _c20130410 _lUCH01 _h1208 |
||
| 590 |
_aBATCH-UPD _b10 _c20130914 _lUCH01 _h1319 |
||
| 590 |
_aCONVERSION _b10 _c20130109 _lUCH01 _h1309 |
||
| 650 | 1 | 4 |
_aEsencias. _937677 |
| 650 | 1 | 4 |
_aQuĂmica vegetal. _993602 |
| 650 | 1 | 4 |
_aTerpenos. _9112383 |
| 711 | 0 |
_aPhytochemical Society Symposium _d(1970 : _cLiverpool) _987907 |
|
| 901 | _aBK | ||
| 942 | _cLIBRO | ||
| 949 |
_a547.71 G6 _bBC _cLIBRO _d33724000445516 _eLIBRO _h52656 _i19585 _si |
||
| 999 |
_c14537 _d14537 |
||